Statistiche per Paesi più vicini al Bahrain - Sprint di un minuto

Clicka qui per fare il quiz!

Statistiche generali

  • Questo quiz è stato fatto 14 volte
  • Il punteggio medio è 14 su 20

Statistiche sulle risposte

kmnazione% Corretto
0Arabia Saudita
100%
509Oman
100%
771Yemen
100%
158Emirati Arabi Uniti
92%
191Iran
92%
448Iraq
92%
322Kuwait
92%
1Qatar
92%
1269Giordania
85%
1449Egitto
77%
1283Siria
77%
1088Pakistan
62%
1077Afghanistan
54%
1325Turchia
46%
1264Turkmenistan
46%
1447Armenia
38%
1356Azerbaijan
38%
1513Eritrea
38%
1513Somalia
38%
1449Sudan
38%

Distribuzione punteggi

Percentile per numero di risposta

Percentuale di utenti per punteggio

I tuoi punteggi nel tempo

Non hai fatto questo quiz